<?xml version="1.0" encoding="UTF-8"?>
<record
    xmlns:xsi="http://www.w3.org/2001/XMLSchema-instance"
    xsi:schemaLocation="http://www.loc.gov/MARC21/slim http://www.loc.gov/standards/marcxml/schema/MARC21slim.xsd"
    xmlns="http://www.loc.gov/MARC21/slim">

  <leader>02678nam a22001817a 4500</leader>
  <controlfield tag="003">OSt</controlfield>
  <controlfield tag="005">20230626113350.0</controlfield>
  <controlfield tag="008">140912b        xxu||||| |||| 00| 0 eng d</controlfield>
  <datafield tag="020" ind1=" " ind2=" ">
    <subfield code="a">9789988304768</subfield>
  </datafield>
  <datafield tag="040" ind1=" " ind2=" ">
    <subfield code="c">LC</subfield>
  </datafield>
  <datafield tag="050" ind1=" " ind2=" ">
    <subfield code="a">KRX3570.O97</subfield>
  </datafield>
  <datafield tag="100" ind1=" " ind2=" ">
    <subfield code="a">Owusu, Justice Kwadwo</subfield>
    <subfield code="9">1883</subfield>
  </datafield>
  <datafield tag="245" ind1=" " ind2=" ">
    <subfield code="a">A study manual for civil procedure in Ghana. /</subfield>
    <subfield code="c">Justice Kwadwo Owusu.</subfield>
  </datafield>
  <datafield tag="260" ind1=" " ind2=" ">
    <subfield code="a">Accra:</subfield>
    <subfield code="b">Pentecost press limited,</subfield>
    <subfield code="c">2020.</subfield>
  </datafield>
  <datafield tag="300" ind1=" " ind2=" ">
    <subfield code="a">xviii, 524 p.</subfield>
    <subfield code="c">22cm.</subfield>
  </datafield>
  <datafield tag="505" ind1=" " ind2=" ">
    <subfield code="a">Contents: Commentary -- Commencement of proceedings -- Venue and transfer -- Parties and causes of action -- Persons with disability -- Actions by and against partners -- Service and process generally -- Service out of jurisdiction -- Appearance -- Default of appearance -- Pleadings -- Counterclaims -- Default of defence -- Summary judgement -- Third party procedure -- Amendment -- Withdrawal and discontinuance -- Payment into and out of court -- Applications -- Affidavits -- Discovery and inspection of documents -- Interrogatories -- Admissions -- Security for costs -- Interlocutory injunction, interim preservation of property -- Court expert -- Receivers -- Inquiries -- Accounts -- Sale of land by order of court -- Assignment and consolidation -- Applications or directions -- Place and mode of trial -- Setting action down for trial -- Proceedings in chambers - Proceedings at trial -- Adjournment and delays -- Evidence generally -- Evidence deposition -- Assessment of damages or value -- Judgement and orders -- Review -- Enforcement of judgements and orders -- Review -- Enforcement  of judgements and orders -- Writs of execution-General -- Writs of fieri facias -- Examination of judgement debtor -- Garnishee proceedings -- Interpleader  -- Charging orders and stop orders -- Committal -- Appeals for district courts -- Appeals from registrars and referees -- Land title registration appeals -- Tax appeals -- Application for judicial review -- Habeas Corpus -- Defamation action -- Commercial court rules -- Moneylenders and mortgage action -- Insolvency proceedings -- Arbitration -- Matrimonial causes or matters -- Probate and administration -- Enforcement of fundamental human rights -- Proceedings transferred to high court -- Service of foreign process -- Obtaining evidence for foreign courts -- Reciprocal enfrcements of judements -- Foreign maintenance orders -- Arrest of absconding defendant -- Costs -- Lawyers -- Registrars and bailiffs -- Production of high court documents -- Paper, printing, notices and copies -- Sittings, office hours, and vacations -- Time -- Effect of non-compliance with rules -- Supplementary and miscellaneous provisions -- </subfield>
  </datafield>
  <datafield tag="942" ind1=" " ind2=" ">
    <subfield code="2">lcc</subfield>
    <subfield code="c">BK</subfield>
  </datafield>
  <datafield tag="999" ind1=" " ind2=" ">
    <subfield code="c">9841</subfield>
    <subfield code="d">17341</subfield>
  </datafield>
  <datafield tag="952" ind1=" " ind2=" ">
    <subfield code="0">0</subfield>
    <subfield code="1">0</subfield>
    <subfield code="2">lcc</subfield>
    <subfield code="4">0</subfield>
    <subfield code="7">0</subfield>
    <subfield code="a">WIUC-KL</subfield>
    <subfield code="b">WIUC-KL</subfield>
    <subfield code="c">LL</subfield>
    <subfield code="d">2023-05-24</subfield>
    <subfield code="l">0</subfield>
    <subfield code="o">KRX3570.O97</subfield>
    <subfield code="p">KSL/1850/113/23</subfield>
    <subfield code="r">2023-06-26 00:00:00</subfield>
    <subfield code="t">1</subfield>
    <subfield code="w">2023-06-26</subfield>
    <subfield code="y">BK</subfield>
  </datafield>
  <datafield tag="952" ind1=" " ind2=" ">
    <subfield code="0">0</subfield>
    <subfield code="1">0</subfield>
    <subfield code="2">lcc</subfield>
    <subfield code="4">0</subfield>
    <subfield code="7">0</subfield>
    <subfield code="a">WIUC-KL</subfield>
    <subfield code="b">WIUC-KL</subfield>
    <subfield code="c">LL</subfield>
    <subfield code="d">2023-05-24</subfield>
    <subfield code="l">0</subfield>
    <subfield code="o">KRX3570.O971</subfield>
    <subfield code="p">KSL/1851/114/23</subfield>
    <subfield code="r">2023-06-26 00:00:00</subfield>
    <subfield code="t">2</subfield>
    <subfield code="w">2023-06-26</subfield>
    <subfield code="y">BK</subfield>
  </datafield>
  <datafield tag="952" ind1=" " ind2=" ">
    <subfield code="0">0</subfield>
    <subfield code="1">0</subfield>
    <subfield code="2">lcc</subfield>
    <subfield code="4">0</subfield>
    <subfield code="7">0</subfield>
    <subfield code="a">WIUC-KL</subfield>
    <subfield code="b">WIUC-KL</subfield>
    <subfield code="c">LL</subfield>
    <subfield code="d">2023-05-24</subfield>
    <subfield code="l">0</subfield>
    <subfield code="o">KRX3570.O972</subfield>
    <subfield code="p">KSL/1852/115/23</subfield>
    <subfield code="r">2023-06-26 00:00:00</subfield>
    <subfield code="t">3</subfield>
    <subfield code="w">2023-06-26</subfield>
    <subfield code="y">BK</subfield>
  </datafield>
  <datafield tag="952" ind1=" " ind2=" ">
    <subfield code="0">0</subfield>
    <subfield code="1">0</subfield>
    <subfield code="2">lcc</subfield>
    <subfield code="4">0</subfield>
    <subfield code="7">0</subfield>
    <subfield code="a">WIUC-KL</subfield>
    <subfield code="b">WIUC-KL</subfield>
    <subfield code="c">LL</subfield>
    <subfield code="d">2023-05-24</subfield>
    <subfield code="l">0</subfield>
    <subfield code="o">KRX3570.O973</subfield>
    <subfield code="p">KSL/1853/116/23</subfield>
    <subfield code="r">2023-06-26 00:00:00</subfield>
    <subfield code="t">4</subfield>
    <subfield code="w">2023-06-26</subfield>
    <subfield code="y">BK</subfield>
  </datafield>
  <datafield tag="952" ind1=" " ind2=" ">
    <subfield code="0">0</subfield>
    <subfield code="1">0</subfield>
    <subfield code="2">lcc</subfield>
    <subfield code="4">0</subfield>
    <subfield code="7">0</subfield>
    <subfield code="a">WIUC-KL</subfield>
    <subfield code="b">WIUC-KL</subfield>
    <subfield code="c">LL</subfield>
    <subfield code="d">2023-06-01</subfield>
    <subfield code="l">0</subfield>
    <subfield code="o">KRX3570.O974</subfield>
    <subfield code="p">KSL/2026/289/23</subfield>
    <subfield code="r">2023-06-26 00:00:00</subfield>
    <subfield code="t">5</subfield>
    <subfield code="w">2023-06-26</subfield>
    <subfield code="y">BK</subfield>
  </datafield>
  <datafield tag="952" ind1=" " ind2=" ">
    <subfield code="0">0</subfield>
    <subfield code="1">0</subfield>
    <subfield code="2">lcc</subfield>
    <subfield code="4">0</subfield>
    <subfield code="7">0</subfield>
    <subfield code="a">WIUC-KL</subfield>
    <subfield code="b">WIUC-KL</subfield>
    <subfield code="c">LL</subfield>
    <subfield code="d">2023-06-01</subfield>
    <subfield code="l">0</subfield>
    <subfield code="o">KRX3570.O975</subfield>
    <subfield code="p">KSL/2051/254/23</subfield>
    <subfield code="r">2023-06-26 00:00:00</subfield>
    <subfield code="t">6</subfield>
    <subfield code="w">2023-06-26</subfield>
    <subfield code="y">BK</subfield>
  </datafield>
</record>
